000 00287nam a22001337a 4500
008 170822b xxu||||| |||| 00| 0 eng d
020 _a9780521426138
041 _aeng
080 _a51
100 _a38
101 _aMAT
245 _aALGEBARIC VARIETIES
_cKEMP.G.R
942 _2udc
_cBK
999 _c24545
_d24545